INDIAN CONSTITUTIONAL LAW WITH CONSTITUT (Record no. 17000)

MARC details
000 -LEADER
fixed length control field 00373nam a2200157Ia 4500
008 - FIXED-LENGTH DATA ELEMENTS--GENERAL INFORMATION
fixed length control field 240624s9999 xx 000 0 und d
041 ## - LANGUAGE CODE
Language code of text/sound track or separate title eng
082 ## - DEWEY DECIMAL CLASSIFICATION NUMBER
Classification number 342.954 PAL
100 ## - MAIN ENTRY--PERSONAL NAME
Personal name JAIN M P
245 ## - TITLE STATEMENT
Title INDIAN CONSTITUTIONAL LAW WITH CONSTITUT
250 ## - EDITION STATEMENT
Edition statement (6th ed.)
260 ## - PUBLICATION, DISTRIBUTION, ETC.
Date of publication, distribution, etc. 2010
Place of publication, distribution, etc. New Delhi
Name of publisher, distributor, etc. Butterworths
300 ## - PHYSICAL DESCRIPTION
Extent 3371 : p.
365 ## - TRADE PRICE
Currency code RS
440 ## - SERIES STATEMENT/ADDED ENTRY--TITLE
Volume/sequential designation 2
Holdings
Withdrawn status Lost status Damaged status Not for loan Home library Current library Shelving location Date acquired Source of acquisition Cost, normal purchase price Full call number Barcode Date last seen Copy number Price effective from Koha item type
        IMTN IMTN Rack 14-B 04/28/2011 FK 3192.00 342.954 PAL 17000 06/24/2024 1 06/24/2024 Books
Designed & Maintained by: LRC IMT Nagpur Contact: lrc@imtnag.ac.in© 2024. All Rights Reserved.